Multiple - choices problems set for basic statistical analysis 1 / (Record no. 840)

MARC details
000 -LEADER
fixed length control field 00750nam a2200217 4500
003 - CONTROL NUMBER IDENTIFIER
control field OSt
005 - DATE AND TIME OF LATEST TRANSACTION
control field 20260427012539.0
008 - FIXED-LENGTH DATA ELEMENTS--GENERAL INFORMATION
fixed length control field 240618b |||||||| |||| 00| 0 eng d
020 ## - INTERNATIONAL STANDARD BOOK NUMBER
International Standard Book Number 0558809480
040 ## - CATALOGING SOURCE
Original cataloging agency DWCL-Man lib.
Transcribing agency OC
082 ## - DEWEY DECIMAL CLASSIFICATION NUMBER
Edition number Custom edition for the UN
Classification number Circ. 519.502 M961S 2010
006 - FIXED-LENGTH DATA ELEMENTS--ADDITIONAL MATERIAL CHARACTERISTICS
fixed length control field a
245 ## - TITLE STATEMENT
Title Multiple - choices problems set for basic statistical analysis 1 /
250 ## - EDITION STATEMENT
Edition statement Custom edition for the UN
260 ## - PUBLICATION, DISTRIBUTION, ETC.
Place of publication, distribution, etc. New York :
Name of publisher, distributor, etc. Pearson Learning Solutions,
Date of publication, distribution, etc. c2010
300 ## - PHYSICAL DESCRIPTION
Extent vii,
Other physical details 518 p. ;
Dimensions 28 cm.
650 ## - SUBJECT ADDED ENTRY--TOPICAL TERM
Topical term or geographic name entry element 1. Statistical methods – Problems, etc.
650 ## - SUBJECT ADDED ENTRY--TOPICAL TERM
Topical term or geographic name entry element 2. Statistical analysis – Problems, etc.
700 ## - ADDED ENTRY--PERSONAL NAME
Personal name Custom edition for the UN
942 ## - ADDED ENTRY ELEMENTS (KOHA)
Source of classification or shelving scheme Dewey Decimal Classification
Suppress in OPAC No
Koha item type Book Circulation
Edition Custom edition for the UN
Call number prefix Circ.
Holdings
Withdrawn status Lost status Source of classification or shelving scheme Damaged status Not for loan Home library Current library Date acquired Source of acquisition Total Checkouts Full call number Barcode Date last seen Copy number Price effective from Koha item type Uniform Resource Identifier
    Dewey Decimal Classification     College Library College Library 01/21/2013 Donation   Circ. 519.502 M961S 2010 CL49738 06/18/2024 c1 06/18/2024 Book Circulation